| 000 | 00549nam a22002057a 4500 | ||
|---|---|---|---|
| 003 | OSt | ||
| 005 | 20220107122734.0 | ||
| 008 | 140408b xxu||||| |||| 00| 0 eng d | ||
| 020 | _a9788177585513 | ||
| 040 | _cIIITM-K | ||
| 082 | _a005.18 PEA/D | ||
| 100 |
_aPeatman, John B _93749 |
||
| 245 |
_aDesign with PIC micrcontrollers _cby John B Peatman |
||
| 260 |
_aNew Delhi, _bPearson, _c1998 |
||
| 300 | _a274p. | ||
| 650 |
_aCOMPUTER SCIENCE _93750 |
||
| 650 |
_aMICROCHIP TECHNOLOGY _93751 |
||
| 650 |
_aMICROCONTROLLERS _93752 |
||
| 942 |
_2ddc _cBK |
||
| 999 |
_c3748 _d3748 |
||